00523 2200205 4500001002100000005001500021008004100036020001800077035001900095041000700114082001100121090001700132100001800149245001800167260003300185300002900218500001100247650003500258990002400293INLIS00000000000461620241224112939241224||||||||| | ||| |||| || |  a979-666-293-0 0010-1224004616 aid0 a574.03 a574.03 RIF k0 aMien A. Rifai00aKamus Biologi aJakartabbalai pustakac2004 a21x15 cm, xvi, 512 hlm.; aCet. 4 0aIlmu Murni -- Biologi -- Kamus a05. 17.01.06.07.001